Slavery, the state, and Islam /

Bibliographic Details
Main Author: Ennaji, Mohammed
Other Authors: Fagan, Teresa Lavender
Format: Book
Language:English
Published: Cambridge ; New York : Cambridge University Press, 2013.
Edition:First English edition.
Subjects:

MARC

Tag First Indicator Second Indicator Subfields
LEADER 00000cam a2200000 i 4500
001 in00003156521
005 20151204205754.0
008 130222s2013 enk b 001 0 eng
010 |a  2013006874 
020 |a 9780521119627 (hardback : alk. paper) 
020 |a 0521119626 (hardback : alk. paper) 
020 |a 9780521135450 (pbk. : alk. paper) 
020 |a 0521135451 (pbk. : alk. paper) 
035 |a (OCoLC)ocn694393844 
040 |a DLC  |e rda  |c DLC  |d UtOrBLW 
049 |a TXAM 
050 0 0 |a HT919  |b .E548 2013 
082 0 0 |a 297.5/675  |2 23 
100 1 |a Ennaji, Mohammed. 
245 1 0 |a Slavery, the state, and Islam /  |c Mohammed Ennaji, Mohammed V University ; translated by Teresa Lavender Fagan. 
250 |a First English edition. 
264 1 |a Cambridge ;  |a New York :  |b Cambridge University Press,  |c 2013. 
300 |a xi, 252 pages ;  |c 24 cm. 
336 |a text  |b txt  |2 rdacontent 
337 |a unmediated  |b n  |2 rdamedia 
338 |a volume  |b nc  |2 rdacarrier 
504 |a Includes bibliographical references (pages 245-246) and indexes. 
650 0 |a Slavery and Islam. 
700 1 |a Fagan, Teresa Lavender. 
945 |a PromptCat 
946 |a stk 
947 |a A14835736837 
948 |a cataloged  |b h  |c 2013/6/5  |d c  |e dmitchel  |f 11:00:00 am 
994 |a 92  |b TXA 
999 |a MARS 
999 f f |s a0abb1e1-0d32-33bb-971c-00349e8e6e55  |i c3cf49dc-a49d-3b3f-a7b0-f772f53e417f  |t 0 
952 f f |p normal  |a Texas A&M University  |b College Station  |c Sterling C. Evans Library  |d Evans: Library Stacks  |t 0  |e HT919 .E548 2013  |h Library of Congress classification  |i unmediated -- volume  |m A14835736837 
998 f f |a HT919 .E548 2013  |t 0  |l Evans: Library Stacks